Rozhodnutia o značke pri tvorbe portfólia domén v prostredí internetu

Odlišné vnímanie značky v prostredí internetu ako v klasickom prostredí. Vzťah značky a domény. Stratégia tvorby viacerých samostatných značiek v prostredí internetu. Ako zvoliť obchodnú značku nového produktu alebo webovej stránky. Postupnosť krokov, ktorá vytvára proces rozhodnutia o značke a použ...

ver descrição completa

Na minha lista:
Detalhes bibliográficos
Autor principal: Miklošík, Andrej
Outros Autores: Lukačovičová, Zuzana
Formato: Capítulo de Livro
Idioma:eslovaco
Assuntos:
Tags: Adicionar Tag
Sem tags, seja o primeiro a adicionar uma tag!

MARC

LEADER 00000nla$a2200000$$$4500
001 0136313
005 20240502083328.6
041 0 |a slo 
044 |a CZ 
245 1 0 |a Rozhodnutia o značke pri tvorbe portfólia domén v prostredí internetu  |c Andrej Miklošík, Zuzana Lukačovičová 
520 |a Odlišné vnímanie značky v prostredí internetu ako v klasickom prostredí. Vzťah značky a domény. Stratégia tvorby viacerých samostatných značiek v prostredí internetu. Ako zvoliť obchodnú značku nového produktu alebo webovej stránky. Postupnosť krokov, ktorá vytvára proces rozhodnutia o značke a používaných doménach. Vyhodnotenie dostupnosti domén pre voľnú registráciu. Postupnosť krokov pri evaluácii jednotlivých domén. Základné vyhodnotenie získaných údajov a prijatie rozhodnutia o doméne. 
610 2 0 |a internet 
610 2 0 |a značky výrobné 
610 2 0 |a značky výrobkov 
610 2 0 |a firmy 
100 1 |a Miklošík, Andrej 
700 1 |a Lukačovičová, Zuzana